[Event "Anapa Sea Harbor op"]
[Site "Anapa"]
[Date "2023.06.03"]
[Round "2"]
[White "Balakirev, Nikolay"]
[Black "Gorbunov, Evgeny Alekseevich"]
[Result "1/2-1/2"]
[WhiteElo "1727"]
[BlackElo "2073"]
[PlyCount "81"]
[EventDate "2023.06.02"]
[EventType "swiss"]
[EventRounds "9"]
[EventCountry "RUS"]
[SourceTitle "CBM 214 Extra"]
[Source "ChessBase"]
[SourceDate "2023.07.31"]
[SourceVersion "1"]
[SourceVersionDate "2023.07.31"]
[SourceQuality "1"]

1. e4 d5 2. exd5 Qxd5 3. Nc3 Qd8 4. Nf3 Nf6 5. d4 Bg4 6. Be2 c6 7. h3 Bh5 8. Ne5 Bxe2 9. Nxe2 Nbd7 10. 0-0 e6 11. f4 c5 12. Be3 cxd4 13. Bxd4 Bc5 14. f5 Bxd4+ 15. Qxd4 Nxe5 16. Qxe5 Qb6+ 17. Kh2 0-0-0 18. fxe6 Qxe6 19. Qxe6+ fxe6 20. Rad1 e5 21. Nc3 Kc7 22. g4 h6 23. Kg3 Kc6 24. Kf3 Rhf8 25. Ke3 b5 26. a3 a5 27. b4 axb4 28. axb4 Kb6 29. Ne4 Kc6 30. Rxd8 Rxd8 31. Nxf6 Rf8 32. Rf5 gxf6 33. Rh5 Kd5 34. Rxh6 Kc4 35. Ke4 Kxb4 36. Kf5 Kc3 37. Rxf6 Rxf6+ 38. Kxf6 e4 39. g5 e3 40. g6 e2 41. g7 1/2-1/2

[Event "Anapa Sea Harbor op"]
[Site "Anapa"]
[Date "2023.06.02"]
[Round "1"]
[White "Gorbunov, Evgeny Alekseevich"]
[Black "Alekseev, Nikolay Ser"]
[Result "1-0"]
[WhiteElo "2073"]
[BlackElo "1455"]
[PlyCount "33"]
[EventDate "2023.06.02"]
[EventType "swiss"]
[EventRounds "9"]
[EventCountry "RUS"]
[SourceTitle "CBM 214 Extra"]
[Source "ChessBase"]
[SourceDate "2023.07.31"]
[SourceVersion "1"]
[SourceVersionDate "2023.07.31"]
[SourceQuality "1"]

1. e4 e5 2. Nf3 Nc6 3. Bb5 d6 4. d4 exd4 5. Nxd4 Bd7 6. Bxc6 Bxc6 7. Nc3 Qd7 8. Nxc6 Qxc6 9. Qd4 Nf6 10. Bg5 Nd7 11. 0-0-0 Qc5 12. Nd5 Rc8 13. Qd2 Nb6 14. Rhe1 Nc4 15. Qc3 c6 16. e5 dxe5 17. Nc7+ 1-0

[Event "GER CCM-E02-C email"]
[Site "GER email"]
[Date "2018.06.19"]
[Round "?"]
[White "Gorbunov, Evgeny Alekseevich"]
[Black "Maikov, Evgeny Dmitrievich"]
[Result "0-1"]
[WhiteElo "2042"]
[BlackElo "2023"]
[PlyCount "92"]
[EventDate "2018.??.??"]
[EventType "tourn (corr)"]
[EventRounds "13"]
[EventCountry "GER"]
[SourceTitle "Corr 2020"]
[Source "ChessBase"]
[SourceDate "2019.09.30"]
[SourceVersion "1"]
[SourceVersionDate "2019.09.30"]
[SourceQuality "1"]

1. e4 c5 2. Nf3 Nc6 3. d4 cxd4 4. Nxd4 Nf6 5. Nc3 e5 6. Ndb5 d6 7. Bg5 a6 8. Na3 b5 9. Nd5 Be7 10. Bxf6 Bxf6 11. c3 0-0 12. Nc2 Bg5 13. a4 bxa4 14. Rxa4 a5 15. Bc4 Rb8 16. b3 Kh8 17. Nce3 g6 18. 0-0 f5 19. Qf3 Be6 20. Ra2 Qd7 21. Rfa1 Bd8 22. Rb2 Qf7 23. h3 f4 24. Nf1 g5 25. Nh2 Kg7 26. Qd1 h5 27. f3 Rh8 28. Rd2 Rh6 29. Rda2 Rc8 30. Rd2 Rg6 31. Raa2 Qe8 32. Bb5 Qg8 33. Bxc6 Rxc6 34. c4 Kh8 35. Kh1 g4 36. hxg4 hxg4 37. Nxg4 Bxg4 38. fxg4 Qh7+ 39. Kg1 Rh6 40. Qf3 Rh1+ 41. Kf2 Qh4+ 42. Ke2 Qe1+ 43. Kd3 Qb1+ 44. Rdc2 Qxb3+ 45. Ke2 Qb1 46. Nc3 Qb4 0-1

[Event "GER CCM-E02-C email"]
[Site "GER email"]
[Date "2018.06.19"]
[Round "?"]
[White "Rihtaric, Ivan"]
[Black "Gorbunov, Evgeny Alekseevich"]
[Result "1/2-1/2"]
[WhiteElo "2082"]
[BlackElo "2042"]
[PlyCount "60"]
[EventDate "2018.??.??"]
[EventType "tourn (corr)"]
[EventRounds "13"]
[EventCountry "GER"]
[SourceTitle "Corr 2020"]
[Source "ChessBase"]
[SourceDate "2019.09.30"]
[SourceVersion "1"]
[SourceVersionDate "2019.09.30"]
[SourceQuality "1"]

1. e4 e5 2. Nf3 Nc6 3. Bb5 Nf6 4. 0-0 Nxe4 5. d4 Nd6 6. Bxc6 dxc6 7. dxe5 Nf5 8. Qxd8+ Kxd8 9. Rd1+ Ke8 10. Nc3 Be7 11. Bg5 Bxg5 12. Nxg5 h6 13. Nge4 Ne7 14. Rd2 Ng6 15. Rf1 Nf4 16. f3 Bf5 17. Rfd1 Ke7 18. g3 Ng6 19. f4 Rhd8 20. Kf2 b6 21. Kf3 h5 22. Ne2 Rxd2 23. Rxd2 Bg4+ 24. Ke3 Ke8 25. Kf2 Ne7 26. Nd4 Rd8 27. Ke1 a6 28. c4 c5 29. Nc2 Bf5 30. Nc3 Nc6 1/2-1/2